Score 0/20 Timer 05:00
0 Plays Today
Hint Answers % Correct
ConferenceSEC
88.1%
Team ColorBlack
87.8%
NicknameCommodores
84.3%
CityNashville
80.4%
Famous Alum: P ______ PriceDavid
49%
Football StadiumVanderbilt Stadium
48.2%
Basketball ArenaMemorial Gymnasium
44.7%
MascotMr. Commodore
41.6%
Team ColorGold
39.4%
No. of Women's Varsity Sports9
34.4%
Hint Answers % Correct
Primary RivalKentucky
33.1%
No. of Men's Varsity Sports6
32.7%
StateTennessee
25.8%
Famous Alum: QB ______ CutlerJay
25.5%
Sport w/ most NCAA ChampionshipsBaseball/Bowling (2)
24.3%
Primary RivalTennessee
23.3%
Fight SongDynamite
17.5%
Primary RivalOle Miss
15.8%
Athletic DirectorCandice Storey Lee
10.3%
Baseball StadiumHawkins Field
9.6%
Remove Ads.
Support Sporcle.
Get the best of Sporcle when you Go Orange. This ad-free experience offers more features, more stats, and more fun while also helping to support Sporcle. Thank you for becoming a member.

You're not logged in!

Compare scores with friends on all Sporcle quizzes.
OR
Log In

Show Comments

Extras

Top Quizzes Today


Score Distribution

Your Account Isn't Verified!

In order to create a playlist on Sporcle, you need to verify the email address you used during registration. Go to your Sporcle Settings to finish the process.

Report this User

Report this user for behavior that violates our Community Guidelines.

Details: